000 00239 a2200109 4500
001 51052
040 _cAnchieta - Pituba
240 1 0 _aContinuing Studies
_l
245 1 0 _aContinuing Studies
650 4 _aInglês e inglês antigo
942 _cMX
999 _c51052
_d51052